Biblioteca y Centro de Documentación

Patentes farmaceúticas y Derecho de la competencia (Registro nro. 45915)

Detalles MARC
000 -CABECERA
Longitud fija campo de control 01735nam a2200493 c 4500
001 - NÚMERO DE CONTROL
Número de control 45915
003 - IDENTIFICADOR DE NÚMERO DE CONTROL
Identificador del número de control ES-MaCES
005 - FECHA Y HORA DE LA ÚLTIMA TRANSACCIÓN
Fecha y hora de la última transacción 20240131040003.0
008 - CAMPO FIJO DE DESCRIPCIÓN FIJA--INFORMACIÓN GENERAL
Códigos de información de longitud fija   150522s2015 sp 000 | spa d
017 ## - NÚMERO DE REGISTRO DE DERECHOS DE AUTOR Y DEPÓSITO LEGAL
Número de copyright o de depósito legal NA 1941-2015
Agencia que asigna el número DL
020 ## - ISBN (INTERNATIONAL STANDARD BOOK NUMBER)
Número Internacional Normalizado para Libros (ISBN) 9788490597835
040 ## - FUENTE DE CATALOGACIÓN
Centro catalogador de origen ES-MaCES
Lengua de catalogación spa
Centro transcriptor ES-MaCES
041 0# - CÓDIGO DE IDIOMA
Código de lengua del texto;banda sonora o título independiente spa
-- eng
-- ita
245 00 - MENCIÓN DE TÍTULO
Título Patentes farmaceúticas y Derecho de la competencia
Mención de responsabilidad, etc. Ángel García Vidal (dir.) ; María del Mar Maroño Gargallo, Francisco Javier Framiñán Santas (coords.) ; [autores], Fernando Carbajo Cascón ... [et al.]
250 ## - MENCIÓN DE EDICIÓN
Mención de edición 1ª ed
260 ## - PUBLICACIÓN, DISTRIBUCIÓN, ETC (PIE DE IMPRENTA)
Lugar de publicación, distribución, etc. Cizur Menor (Navarra)
Nombre del editor, distribuidor, etc. Aranzadi-Thomson Reuters
Fecha de publicación, distribución, etc. 2015
300 ## - DESCRIPCIÓN FÍSICA
Extensión 282 p.
Dimensiones 23 cm
490 1# - MENCIÓN DE SERIE
Mención de serie Estudios
500 ## - NOTA GENERAL
Nota general Textos en español, inglés e italiano
504 ## - NOTA DE BIBLIOGRAFÍA, ETC.
Nota de bibliografía, etc. Bibliografía: p. 269-282
541 ## - NOTA DE LA FUENTE INMEDIANTE DE ADQUISICIÓN
Forma de adquisición Compra
650 #4 - ASIENTO SECUNDARIO DE MATERIA--TÉRMINO DE MATERIA
Término de materia o nombre geográfico como elemento inicial producto farmacéutico
9 (RLIN) 27802
650 #4 - ASIENTO SECUNDARIO DE MATERIA--TÉRMINO DE MATERIA
Término de materia o nombre geográfico como elemento inicial industria farmacéutica
9 (RLIN) 27803
650 #4 - ASIENTO SECUNDARIO DE MATERIA--TÉRMINO DE MATERIA
Término de materia o nombre geográfico como elemento inicial patente
9 (RLIN) 27659
650 #4 - ASIENTO SECUNDARIO DE MATERIA--TÉRMINO DE MATERIA
Término de materia o nombre geográfico como elemento inicial derechos de patente
9 (RLIN) 28154
650 #4 - ASIENTO SECUNDARIO DE MATERIA--TÉRMINO DE MATERIA
Término de materia o nombre geográfico como elemento inicial derecho de patentes
9 (RLIN) 27168
650 #4 - ASIENTO SECUNDARIO DE MATERIA--TÉRMINO DE MATERIA
Término de materia o nombre geográfico como elemento inicial monopolio
9 (RLIN) 28183
650 #4 - ASIENTO SECUNDARIO DE MATERIA--TÉRMINO DE MATERIA
Término de materia o nombre geográfico como elemento inicial mecanismo de control
9 (RLIN) 29918
650 #4 - ASIENTO SECUNDARIO DE MATERIA--TÉRMINO DE MATERIA
Término de materia o nombre geográfico como elemento inicial derecho mercantil
9 (RLIN) 27157
650 #4 - ASIENTO SECUNDARIO DE MATERIA--TÉRMINO DE MATERIA
Término de materia o nombre geográfico como elemento inicial derecho comunitario
9 (RLIN) 29866
650 #4 - ASIENTO SECUNDARIO DE MATERIA--TÉRMINO DE MATERIA
Término de materia o nombre geográfico como elemento inicial derecho comparado
9 (RLIN) 29868
650 #4 - ASIENTO SECUNDARIO DE MATERIA--TÉRMINO DE MATERIA
Término de materia o nombre geográfico como elemento inicial Estados Unidos
9 (RLIN) 28373
650 #4 - ASIENTO SECUNDARIO DE MATERIA--TÉRMINO DE MATERIA
Término de materia o nombre geográfico como elemento inicial Italia
9 (RLIN) 26952
650 #4 - ASIENTO SECUNDARIO DE MATERIA--TÉRMINO DE MATERIA
9 (RLIN) 27897
Término de materia o nombre geográfico como elemento inicial competencia
650 #4 - ASIENTO SECUNDARIO DE MATERIA--TÉRMINO DE MATERIA
9 (RLIN) 26752
Término de materia o nombre geográfico como elemento inicial UE
653 10 - TÉRMINO DE INDEXACIÓN--NO CONTROLADO
Término no controlado Derecho mercantil
700 1# - ENCABEZAMIENTO SECUNDARIO--NOMBRE PERSONAL
9 (RLIN) 35716
Nombre de persona García Vidal, Ángel
Término indicativo de función dir.
700 ## - ENCABEZAMIENTO SECUNDARIO--NOMBRE PERSONAL
9 (RLIN) 35717
Nombre de persona Maroño Gargallo, María del Mar
Término indicativo de función col.
700 1# - ENCABEZAMIENTO SECUNDARIO--NOMBRE PERSONAL
9 (RLIN) 35718
Nombre de persona Framiñán Santas, Francisco Javier
Término indicativo de función col.
700 1# - ENCABEZAMIENTO SECUNDARIO--NOMBRE PERSONAL
9 (RLIN) 35719
Nombre de persona Carbajo Cascón, Fernando
830 #0 - ENCABEZAMIENTO SECUNDARIO DE COLECCIÓN--TÍTULO UNIFORME
Título uniforme Estudios (Thomson Reuters-Aranzadi)
9 (RLIN) 34937
902 ## - CES. TIPO DE DOCUMENTO
Tipodoc (006$c Sirtex) LIB Libro
942 ## - ELEMENTOS KOHA
Fuente de clasificaión o esquema Clasificación propia del CES
Koha [por defecto] tipo de item Monografías
Parte de clasificación Derecho Mercantil
Existencias
Número de registro Signatura completa Tipo de item de Koha
085918 SR-6.0.11.-33 Monografías
© CES, Consejo Económico y Social de España 2021